000
00307nam a2200133 4500
005
20260530115300.0
100
1
_a
MIT
_9
31113
245
1
0
_a
Design Issues
264
1
_b
MIT Press
_c
1998
300
_a
90 páginas
336
_a
texto
_2
rdacontent
337
_a
sin medio
_2
rdamedia
338
_a
volumen
_2
rdacarrier
999
_c
12810
_d
12810